Vocabulario y frases útiles en mapudungun

Uloženo v:
Podrobná bibliografie
Hlavní autor: Harmelink M., Bryan L (Autor)
Médium: Kniha
Jazyk:španělština
Vydáno: Temuco Universidad de la Frontera 1990
Témata:
Tagy: Přidat tag
Žádné tagy, Buďte první, kdo vytvoří štítek k tomuto záznamu!

MARC

LEADER 00000nam a2200000 a 4500
001 UCJ2828
003 CL-VaPUC
008 070119e19900000CL |||||||||||||||||spa|d
020 |a 9562360244 
082 0 4 |a 498.361  |b HAM  |2 21 
100 0 |a Harmelink M., Bryan L  |e author  |9 503827 
245 1 0 |a Vocabulario y frases útiles en mapudungun 
300 |a 109 p 
942 |c BK 
945 |d 20070119 00:00:00  |a jtorresc 
260 |a Temuco  |b Universidad de la Frontera  |c 1990 
500 |a Donación de la Dra. Marianne Peronard Thierry 
650 7 |a MAPUDUNGUN  |2 CL-VaPUC  |9 414435 
650 0 |a Diccionarios  |9 256200 
650 0 |a Glosarios  |9 261047 
650 0 |a Educación lingüística  |9 306506 
650 0 |a Mapuches   |9 392456 
583 |a last modification  |c 20070119 00:00:00  |k Rodrigo Vera 
999 |c 318957  |d 318955 
952 |0 0  |1 0  |4 0  |6 498_361000000000000_HAM_1990  |7 0  |8 A  |9 397175  |a FDOPOS  |b BIBEDU  |d 2019-11-22  |i 4316312  |l 1  |o 498.361 HAM 1990  |p 4316312  |r 2023-05-02  |s 2023-04-14  |w 2019-11-22  |y BK  |k MLA